Оптические микрорезонаторы с гигантской добротностью

Bibliografiske detaljer
Hovedforfatter: Городецкий М. Л. Михаил Леонидович
Summary:Настоящая монография посвящена теории оптических высокодобротных микрорезонаторов и их применению в линейной, нелинейной, квантовой и прикладной оптике. Оптические микрорезонаторы с модами типа шепчущей галереи, предложенные впервые российскими учеными, уникально сочетают субмиллиметровый размер с гигантской добротностью. Такие резонаторы находят все более широкое распространение в экспериментальной физике и технике, в частности, в высокостабильных генераторах, разнообразных сенсорах, датчиках, фильтрах и других оптоэлектронных устройствах.Для специалистов и студентов оптических специальностей.
Sprog:russisk
Udgivet: Москва, Физматлит, 2011
Serier:Фундаментальная и прикладная физика
Fag:
Format: MixedMaterials Bog
KOHA link:https://koha.lib.tpu.ru/cgi-bin/koha/opac-detail.pl?biblionumber=198728

MARC

LEADER 00000nam0a2200000 4500
001 198728
005 20231101224833.0
010 |a 9785922112833 
035 |a (RuTPU)RU\TPU\book\216740 
090 |a 198728 
100 |a 20110707d2011 k y0rusy50 ca 
101 0 |a rus 
102 |a RU 
105 |a a z 001zy 
200 1 |a Оптические микрорезонаторы с гигантской добротностью  |f М. Л. Городецкий 
210 |a Москва  |c Физматлит  |d 2011 
215 |a 416 с.  |c ил. 
225 1 |a Фундаментальная и прикладная физика 
320 |a Библиогр.: с. 379-415. 
330 |a Настоящая монография посвящена теории оптических высокодобротных микрорезонаторов и их применению в линейной, нелинейной, квантовой и прикладной оптике. Оптические микрорезонаторы с модами типа шепчущей галереи, предложенные впервые российскими учеными, уникально сочетают субмиллиметровый размер с гигантской добротностью. Такие резонаторы находят все более широкое распространение в экспериментальной физике и технике, в частности, в высокостабильных генераторах, разнообразных сенсорах, датчиках, фильтрах и других оптоэлектронных устройствах.Для специалистов и студентов оптических специальностей. 
606 1 |a Резонаторы оптические  |2 stltpush  |3 (RuTPU)RU\TPU\subj\24721  |9 49017 
610 1 |a оптические микрорезонаторы 
610 1 |a теория 
610 1 |a резонанс 
610 1 |a моды шепчущей галереи 
610 1 |a электродинамическое описание 
610 1 |a резонатор Фабри-Перо 
610 1 |a волны в цилиндре 
610 1 |a волны в шаре 
610 1 |a рассеяние 
610 1 |a теория Лоренца-Ми-Дебая 
610 1 |a анализ 
610 1 |a асимптотические методы 
610 1 |a лучевое приближение 
610 1 |a метод Эйконала 
610 1 |a возбуждение 
610 1 |a добротность 
610 1 |a спектр 
610 1 |a нелинейные свойства 
610 1 |a изготовление 
610 1 |a исследование 
610 1 |a применение 
675 |a 621.372.41  |v 3 
700 1 |a Городецкий  |b М. Л.  |g Михаил Леонидович 
801 1 |a RU  |b 63413507  |c 20110707 
801 2 |a RU  |b 63413507  |c 20210609  |g RCR 
900 |a Прикладная физика 
942 |c BK 
959 |a 47/20110505  |d 2  |e 396,00  |f ЧЗТЛ:1  |f АНЛ:1